A nemzetközi diákkongresszus kínos szegedi botránya Miért nem jött Szegedre a külföldi delegátusok közül senki sem?
Elmentve itt :
| Dokumentumtípus: | Cikk |
|---|---|
| Megjelent: |
1929-09-07
|
| Sorozat: | Délmagyarország
5 No. 202 |
| Kulcsszavak: | Nemzetközi dikákkongresszus Szeged 1929 |
| Online Access: | http://dmarchiv.bibl.u-szeged.hu/31809 |
| LEADER | 00526nab a2200145 i 4500 | ||
|---|---|---|---|
| 001 | delm31809 | ||
| 005 | 20180927103429.0 | ||
| 008 | 180927s1929 hu o 0|| hun d | ||
| 040 | |a SZTE Délmagyarország Archívum |b hun | ||
| 041 | |a hun | ||
| 245 | 0 | 2 | |a A nemzetközi diákkongresszus kínos szegedi botránya |h [elektronikus dokumentum] : |b Miért nem jött Szegedre a külföldi delegátusok közül senki sem? |
| 260 | |c 1929-09-07 | ||
| 300 | |a 5 | ||
| 490 | 0 | |a Délmagyarország |v 5 No. 202 | |
| 695 | |a Nemzetközi dikákkongresszus Szeged 1929 | ||